吉幾三『俺ら東京さ行ぐだ』に無いもの - Statistics

General Stats
  • This quiz has been taken 1,221 times
  • The average score is 8 of 19
Answer Stats
% Correct
テレビ
95%
ラジオ
92%
バー
62%
電気
62%
瓦斯
51%
カラオケを かける機械
42%
電話
39%
ピアノ
37%
信号
34%
ディスコ
30%
喫茶
29%
新聞
29%
ステレオ
26%
ギター
23%
集い
23%
のぞき
23%
映画
22%
雑誌
20%
薬屋
19%
No matching quizzes found
Score Distribution
Percent of People with Each Score
Percentile by Number Answered
Your Score History
You have not taken this quiz